00507nam a22001457a 450000500170000001000130001702000260003003700220005610000210007824500890009926000390018827000790022730000270030670000280033320211006112602.0 aEN230921 a9789353883317c675.00 bSage Publications aMajumdar, Rohit  aHistory of Europe:bfrom renaissance to the end of the cold war /cby Rohit Majumdar aNew DelhibSage Publicationsc2020 aB1/I-1, Mohan Cooperative Industrial Area, Mathura RoadbNew Delhie110044 axxiv, 533p.c24cm(pbk) aPandey, Rajendra Kumar